Forever Young - Alphaville - All Lyrics - Statistics

General Stats
  • This quiz has been taken 361 times
  • The average score is 192 of 268
Answer Stats
Answer % Correct
you
99%
for
97%
forever
97%
Forever
97%
forever?
97%
Forever,
97%
(Forever)
97%
I
97%
when
97%
young
97%
young,
97%
young?
97%
to
96%
be
95%
want
95%
live
94%
Do
93%
a
91%
really
89%
the
85%
The
85%
the,
85%
ever
79%
We
77%
we
77%
and
76%
Let
73%
let
73%
men
73%
so
72%
So
72%
Are
71%
are
71%
can
71%
Can
71%
in
71%
man
71%
or
67%
don't
66%
Let's
66%
let's
66%
wanna
65%
never
64%
while
63%
but
62%
is
62%
say
62%
we're
62%
not?
61%
die
60%
us
60%
have
58%
wait,
58%
like
56%
only
56%
life
55%
play
55%
Some
55%
some
55%
dance
54%
gonna
54%
many
54%
stay
54%
they
54%
watching
54%
Heaven
53%
of
53%
will
53%
out
52%
sad
52%
best
51%
bomb
51%
drop
51%
expecting
51%
mad
51%
worst
51%
sun
50%
sun,
50%
come
49%
imagine
49%
music's
49%
skies
49%
Why
49%
Hoping
48%
all
47%
beat
47%
forgot
47%
gone
47%
style,
47%
blue
46%
songs
46%
this
46%
power
45%
them
45%
dreams
44%
get
44%
It's
44%
our
44%
by
43%
diamonds
42%
short
42%
true
42%
heat
41%
melody
41%
Sitting
41%
won
41%
into
40%
today
40%
water,
40%
trip
39%
faces
38%
hard
37%
later,
37%
Sooner
36%
played
35%
sandpit,
35%
perish
33%
Turn
33%
adventures
32%
getting
32%
leaders,
32%
old
32%
race
32%
swinging
32%
tune
32%
without
31%
cause
30%
horse
30%
couldn't
29%
happen
29%
Praising
28%
golden
27%
Youth’s
21%
fading
20%
No matching quizzes found
Score Distribution
Percent of People with Each Score
Percentile by Number Answered
Your Score History
You have not taken this quiz